1793 1048 1724 1833 1808 1910 1754 1024 1428 1812 1465 1442 1065 1053 1729 1690 1635 1108 1921 1474 1920 1639 1677 1745 1290 1358 1635 1121 1987 1747 1914 1237 1174 1908 1286 1825 1767 1880 1127 1547 1180 1173 1706 1515 1470 1409 1699 1933 1992 1969 1223 1483 1257 1432 1987 1802 1885 1983 1270 1284 1760 1123 1339 1331 1897 1608 1093 1108 1454 1735 1520 1608 1511 1996 1089 1522 1973 1307 1702 1642 1939 1718 1340 1382 1367 1234 1653 1291 1434 1946 1566 1372 1114 1850 1318 1414 1741 1288 1959 BCNSPRNW ULIB Ver.6.0+V

เปลี่ยนเป็นภาษาไทย

Change to English
 แสดงรายละเอียดบรรณานุกรม
  กลับหน้าหลัก

Brief Record : Get Marc (ISO 2709) : E-mail record : QR code < ปิดหน้าต่าง
LEADER : 00000nam 2200000uu 4500
001    13399126314
003     ULIB
008    180905s2561||||th 000 0 tha d
020    ^a9786163143679
060    ^aWB105 ว617อ
100    ^aวินชนะ ศรีวิไลทนต์
245    ^aอาการวิทยาและการจำแนกภาวะทางเวชศาสตร์ฉุกเฉิน
250    ^aพิมพ์ครั้งที่ 1
260    ^aปทุมธานี :^bโรงพิมพ์มหาวิทยาลัยธรรมศาสตร์ศููนย์รังสิต,^c2561
300    ^a276 หน้า^bภาพประกอบ, ตาราง
650    ^aอาการวิทยา
650    ^aเวชศาสตร์ฉุกเฉิน
945    ^p350^l0^i004529
945    ^p350^l0^i004530
945    ^p350^l0^i004531
999    ^aประนอม เกษจรัล
รายการนี้ยังไม่มีแท็ก
คุณยังไม่ได้ล็อกอิน คุณสามารถมีกิจกรรมร่วมกับเว็บไซต์ได้ แต่ต้องล็อกอินก่อน ::
  ล็อกอิน

รายการสื่อสารสนเทศ

ลำดับที่ ประเภท เลขเรียก/บาร์โค้ด สถานที่ สถานะ
1. วิทยาศาสตร์การแพทย์ และสุขภาพ
หนังสือสำรอง
สถานะ=หนังสือสำรอง
WB105 ว617อ ฉ.1 
  Barcode: 004529
ห้องสมุดวิทยาเขตสวรรค์ประชารักษ์
►หนังสือทั่วไป
บนชั้น
2. วิทยาศาสตร์การแพทย์ และสุขภาพ
วิทยาศาสตร์การแพทย์ และสุขภาพ
WB105 ว617อ ฉ.2 
  Barcode: 004530
ห้องสมุดวิทยาเขตสวรรค์ประชารักษ์
►หนังสือทั่วไป
บนชั้น
3. วิทยาศาสตร์การแพทย์ และสุขภาพ
วิทยาศาสตร์การแพทย์ และสุขภาพ
WB105 ว617อ ฉ.3 
  Barcode: 004531
ห้องสมุดวิทยาเขตสวรรค์ประชารักษ์
►หนังสือทั่วไป
บนชั้น

รายการใกล้เคียง
    ชื่อเรื่อง [อาการวิทยาและการจำแนกภาวะทางเวชศาสตร์ฉุกเฉิน]

    ผู้แต่ง [วินชนะ ศรีวิไลทนต์]

    หัวเรื่อง [อาการวิทยา]
    หัวเรื่อง [เวชศาสตร์ฉุกเฉิน]

BibComment


ยังไม่เคยถูกคอมเมนท์

คอมเมนท์ทรัพยากรรายการนี้
  คอมเมนท์: อาการวิทยาและการ..


 Copyright 2026. Bcnsprnw @Library